000 00571nam a2200229 a 4500
001 nice12345678
003 IN_TiNIC
005 20260116015146.0
008 070913s2005 dela grp 000 0 eng
020 _a
_c100
082 0 0 _a392.5
_bNAI
100 _aNaim An, Abdullahi
245 _aInter-Religious Marriages Among Muslims
260 _aDelhi
_bGlobal Media Pub
_c2005
300 _a00p
500 _aincludes index and biblioraphy
650 _aMarriage-Interfaith
700 1 _aNaim An, Abdullahi
902 _bSRS
942 _cBK
999 _c18552
_d18552